[Collection containing 12 Magnificats, 1 hymn, 3 Lamentations, 1 Passion, 54 motets.

Saved in:
Bibliographic Details
Corporate Author: Universidade de Coimbra. Biblioteca Geral.
Format: Musical Score
Language:Latin
Published: 15--]
Subjects:
Tags: Add Tag
No Tags, Be the first to tag this record!
LEADER 00855ndm a2200241 4500
001 007774676-7
005 20020606104010.5
008 980428s15uu xx muz| a nn| lat d
035 0 |a ocm39263653 
040 |a MH-Mu  |c MH-Mu 
047 |a hy  |a pm  |a mo  |a zz 
110 2 |a Universidade de Coimbra.  |b Biblioteca Geral.  |k Manuscript.  |n M. 32. 
245 0 0 |a [Collection containing 12 Magnificats, 1 hymn, 3 Lamentations, 1 Passion, 54 motets. 
260 |c 15--] 
300 |a 1 ms. choirbook ([125] leaves) 
510 4 |a Census-catalogue of manuscript sources of polyphonic music 1400-1550,  |c I, p. 159-160 (CoimU 32). 
650 0 |a Hymns, Latin  |y 16th century. 
650 0 |a Lamentations of Jeremiah (Music)  |y 16th century. 
650 0 |a Passion music  |y 16th century. 
650 0 |a Motets  |y 16th century. 
650 0 |a Music  |x Manuscripts. 
988 |a 20020608 
906 |0 MH